Powiaty w Polsce na literę P - Statystyki

Ogólne statystyki
  • Ten quiz został rozwiązany 86 razy
  • Średni wynik to 22 z 32
Statystyki odpowiedzi
Odpowiedź % Poprawnych
Poznań
85%
poznański
85%
przemyski
81%
pilski
78%
Przemyśl
78%
pabianicki
76%
płoński
76%
policki
76%
piotrkowski
75%
Płock
75%
pruszkowski
75%
płocki
73%
polkowicki
73%
prudnicki
73%
przasnyski
73%
parczewski
71%
Piotrków Trybunalski
71%
piski
71%
piaseczyński
69%
puławski
69%
pucki
68%
pułtuski
66%
Piekary Śląskie
64%
przysuski
64%
poddębicki
63%
przeworski
63%
pajęczański
61%
pińczowski
61%
proszowicki
61%
pszczyński
61%
pleszewski
56%
pyrzycki
54%
Nie znaleziono quizów pasujących do podanych kryteriów
Rozkład punktacji
Procent ludzi z każdym wynikiem
Percentyl według liczby udzielonych odpowiedzi
Twoja historia wyników
Nie rozwiązałeś tego quizu